LA HISTORIA DEL SER QUE IMAGINO UN AMULETO BAJO TIERRA (Registro nro. 68655)

Detalles MARC
000 -CABECERA
campo de control de longitud fija 01048nam a22002657a 4500
003 - IDENTIFICADOR DEL NÚMERO DE CONTROL
campo de control BPGM
008 - DATOS DE LONGITUD FIJA--INFORMACIÓN GENERAL
campo de control de longitud fija 260619e2005 mx ||||g |||| 001 p spa d
040 ## - FUENTE DE LA CATALOGACIÓN
Lengua de catalogación spa
041 ## - CÓDIGO DE LENGUA
Código de lengua del texto/banda sonora o título independiente spa
Código de lengua original spa
082 04 - NÚMERO DE LA CLASIFICACIÓN DECIMAL DEWEY
Número de edición 862.08M
Número de clasificación H673
100 ## - ENTRADA PRINCIPAL--NOMBRE DE PERSONA
Nombre de persona AYHLLON, LUIS. MALPICA MAURY JAVIER, TREVIZO HIGUERA ELMA Y BLUMENTHAL VIVIAN
Término indicativo de función/relación AUTORES
245 ## - MENCIÓN DE TÍTULO
Título LA HISTORIA DEL SER QUE IMAGINO UN AMULETO BAJO TIERRA
250 ## - MENCIÓN DE EDICIÓN
Mención de edición PRIMERA EDICION
Resto de la mención de edición 2005
260 ## - PUBLICACIÓN, DISTRIBUCIÓN, ETC.
Lugar de publicación, distribución, etc. MEXICO
Nombre del editor, distribuidor, etc. GOBIERNO DEL ESTADO DE QUERETARO
Fecha de publicación, distribución, etc. 2005
260 ## - PUBLICACIÓN, DISTRIBUCIÓN, ETC.
Lugar de publicación, distribución, etc. MEXICO
Nombre del editor, distribuidor, etc. CONSEJO ESTATAL PARA LA CULTURA Y LAS ARTES
Fecha de publicación, distribución, etc. 2005
300 ## - DESCRIPCIÓN FÍSICA
Extensión 188 paginas
Dimensiones 21.8 cm x 13.8 cm
336 ## - TIPO DE CONTENIDO
Fuente rdacontent
Término de tipo de contenido texto
Código de tipo de contenido txt
337 ## - TIPO DE MEDIO
Fuente rdamedia
Nombre/término del tipo de medio sin mediación
Código del tipo de medio n
338 ## - TIPO DE SOPORTE
Fuente rdacarrier
Nombre/término del tipo de soporte volumen
Código del tipo de soporte nc
505 ## - NOTA DE CONTENIDO CON FORMATO
Nota de contenido con formato es una antología de dramaturgia que reúne las obras premiadas en el VI Concurso Nacional de Dramaturgia Manuel Herrera Castañeda, celebrado en Querétaro.
650 ## - PUNTO DE ACCESO ADICIONAL DE MATERIA--TÉRMINO DE MATERIA
Fuente del encabezamiento o término LITERATURA Y RETÓRICA
650 ## - PUNTO DE ACCESO ADICIONAL DE MATERIA--TÉRMINO DE MATERIA
Fuente del encabezamiento o término LITERATURAS ESPAÑOLA Y PORTUGUESA
650 ## - PUNTO DE ACCESO ADICIONAL DE MATERIA--TÉRMINO DE MATERIA
Fuente del encabezamiento o término TEATRO ESPAÑOL
942 ## - ELEMENTOS DE PUNTO DE ACCESO ADICIONAL (KOHA)
Fuente del sistema de clasificación o colocación Dewey Decimal Classification
Tipo de ítem Koha Colección Querétaro

No hay ítems disponibles.